000 00816nam a2200289Ia 4500
003 OSt
005 20221007125044.0
006 a|||||r|||| 00| 0
007 ta
008 221006b |||||||| |||| 00| 0 eng d
020 _a0471598968
_c
_59.95, 1994
024 _a2905
037 _bEductional,
_cTextual
040 _aCDL
_cCDL
_beng
041 _2eng
_aeng
082 _aE5:4, N4
100 _aHo Tse-Lok
_9614965
245 0 _aTactics of organic synthesis by Tse-Lok Ho
260 _aNew
_bYork John Wiley Sons Inc
_c1994
300 _a450p
_ccm.
500 _a23/CSL/Carc/94-95/2312-13/^d1994-12-23^mPurchase
650 _a Organic Compounds
650 _a Synthesis
650 _aChemistry
942 _hE5:4, N4
_cTEXL
_2CC
999 _c1214569
_d1214569